| 000 | 00999nam a2200301 a 4500 | ||
|---|---|---|---|
| 001 | 000030172 | ||
| 005 | 20200930060113.0 | ||
| 008 | 110503s2010 dr a 000 0 spa d | ||
| 020 | _a9789945851427 | ||
| 040 |
_aDO-SdBNP _bspa _cBNPHU |
||
| 082 |
_a709 _bL782ar |
||
| 100 | 1 |
_aLitvinenko, Elena _922880 |
|
| 245 | 1 | 0 |
_aArte y comunicación II / _cElena Litvinenko. |
| 260 |
_aSanto Domingo : _bUNAPEC, _c2010. |
||
| 300 |
_a111 p. : _bil. ; _c22cm. |
||
| 490 | 1 | _aUNAPEC por un mundo mejor | |
| 490 | 1 |
_aArtes y comunicación _v4 |
|
| 504 | _aBibliografía : p. 109-111 | ||
| 590 | _aLa biblioteca posee 3 ejemplares autografiados por la autora. | ||
| 590 | _aInventariado, 2018/LP | ||
| 650 | 4 |
_aApreciación del arte _95186 |
|
| 650 | 4 |
_aArte y sociedad _95077 |
|
| 650 | 4 |
_aArte e historia _922881 |
|
| 650 | 4 |
_aComunicación en arte _922882 |
|
| 830 | 0 |
_aUNAPEC por un mundo mejor _922883 |
|
| 830 | 0 |
_aArtes y comunicación ; _n4 _956883 |
|
| 910 | _aValidado. Control de calidad EMS | ||
| 999 |
_c29664 _d29664 |
||